To the seventh power
| Main Author: | |
|---|---|
| Format: | Book |
| Published: |
New York :
William Morrow and Co ,
1989
|
| Subjects: |
MARC
| LEADER | 00000cam a2200000 7i4500 | ||
|---|---|---|---|
| 001 | 0000001007 | ||
| 002 | 000001116 | ||
| 005 | 20000330.0 | ||
| 020 | |a 0688063322 | ||
| 090 | 0 | 0 | |a F |b PIC |
| 100 | 1 | |a Picano, Felice | |
| 245 | 1 | 0 | |a To the seventh power |c Felice Picano |
| 260 | |a New York : |b William Morrow and Co , |c 1989 | ||
| 300 | |a 311 p. ; |c 24cm. | ||
| 650 | 0 | 0 | |a Thriller fiction |
| 999 | |a 030238 |b BUKU |c PINJAMAN |e PERPUSTAKAAN KOMUNITI PETALING JAYA | ||